000 00498nam a2200145 a 4500
008 120416s1973 ||||||||||||||||| || u
050 _aTH 900 Bar
100 _aBarber, Geoffrey
245 1 0 _aBuilder's plant and equipment
250 _a2nd. ed.
260 _aLondon
_bGeorge Newnes
_c1973
300 _a[6], 207p. : ill.
350 _a0.00
995 _D0.00
_FCBU-MAIN LIBRARY (Kitwe)
_H1
_I6.00
_M1
_UAVAILABLE
_ZAnnex Low-Usage Collection
999 _c36222
_d36222